| 000 | 00992cam a2200265 a 4500 | ||
|---|---|---|---|
| 001 | 2143712 | ||
| 005 | 20180302035109.0 | ||
| 008 | 980717s1999 paua bf 001 0 eng c | ||
| 010 | _a 98037809 | ||
| 020 | _a0781712068 (alk. paper) | ||
| 040 |
_aDNLM/DLC _cDLC _dDLC |
||
| 041 | _aeng | ||
| 060 | 1 | 0 |
_aWQ 100 _bD1812 1999 |
| 080 | _a618 jam | ||
| 082 | 0 | 0 |
_a618 jam _221 |
| 100 | _a10 | ||
| 101 | _agyn | ||
| 245 | 0 | 0 | _aDanforth's obstetrics and gynecology / |
| 246 | 3 | 0 | _aObstetrics and gynecology |
| 504 | _aIncludes bibliographical references and index. | ||
| 906 |
_a7 _bcbc _corignew _d1 _eocip _f19 _gy-gencatlg |
||
| 942 |
_2ddc _cBK |
||
| 999 |
_c43944 _d43944 |
||